Every Song by Flyleaf - Statistics

General Stats
  • This quiz has been taken 23 times
  • The average score is 22 of 69
Answer Stats
Album Song % Correct
Flyleaf(2005) All Around Me
94%
Flyleaf(2005) I'm So Sick
88%
Flyleaf(2005) Cassie
82%
Flyleaf(2005) Fully Alive
71%
Flyleaf(2005) Sorrow
71%
Flyleaf(2005) Red Sam
65%
Memento Mori(2009) Again
59%
Memento Mori(2009) Chasm
59%
Flyleaf(2005) There for You
59%
Memento Mori(2009) Arise
53%
Memento Mori(2009) Beautiful Bride
53%
Flyleaf(2005) I'm Sorry
53%
Memento Mori(2009) Missing
53%
Flyleaf(2005) Perfect
53%
Flyleaf(Bonus)(2005) Much Like Falling
47%
New Horizons(2012) New Horizons
47%
Flyleaf(2005) So I Thought
47%
Flyleaf(Bonus)(2005) Tina
47%
Flyleaf(2005) Breathe Today
41%
New Horizons(2012) Call You Out
41%
Memento Mori(2009) Tiny Heart
41%
New Horizons(2012) Broken Wings
35%
New Horizons(2012) Fire Fire
35%
New Horizons(2012) Green Heart
35%
Remember to Live(2010) Amy Says
29%
Memento Mori(2009) Circle
29%
New Horizons(2012) Great Love
29%
Memento Mori(2009) In the Dark
29%
Between the Stars(2014) Magnetic
29%
Memento Mori(2009) The Kind
29%
Memento Mori(2009) This Close
29%
Between the Stars(2014) Thread
29%
Memento Mori(Bonus)(2009) Break Your Knees
24%
New Horizons(2012) Bury Your Heart
24%
New Horizons(2012) Cage on the Ground
24%
Between the Stars(2014) City Kids
24%
Between the Stars(2014) Head Underwater
24%
Flyleaf(Bonus)(2005) Justice and Mercy
24%
Remember to Live(2010) Okay
24%
Between the Stars(2014) Platonic
24%
Memento Mori(2009) Set Apart This Dream
24%
Between the Stars(2014) Set Me on Fire
24%
Between the Stars(Bonus)(2014) Ship of Fools
24%
Who We Are(2013) Something Better
24%
Memento Mori(2009) Treasure
24%
Memento Mori(Hidden)(2009) Uncle Bobby
24%
Between the Stars(Bonus)(2014) Avalanche
18%
Between the Stars(2014) Marionette
18%
Memento Mori(2009) Melting
18%
New Horizons(2012) Stand
18%
Memento Mori(2009) Swept Away
18%
Remember to Live(2010) Believe in Dreams
12%
Between the Stars(2014) Blue Roses
12%
Remember to Live(2010) Dear My Closest Friend
12%
Memento Mori(Bonus)(2009) Enemy
12%
New Horizons(2012) Freedom
12%
Memento Mori(Bonus)(2009) Have We Lost
12%
Between the Stars(2014) Home
12%
Remember to Live(2010) Light in Your Eyes
12%
New Horizons(2012) Saving Grace
12%
Between the Stars(2014) Sober Serenade
12%
Between the Stars(2014) Traitor
12%
Between the Stars(2014) Well of Lies
12%
New Horizons(Bonus)(2012) Mama
6%
Much Like Falling(2007) Supernatural
6%
Between the Stars(Bonus)(2014) The Hunted
6%
Between the Stars(Bonus)(2014) The Wedding
6%
Memento Mori(Bonus)(2009) Who Am I
6%
Memento Mori(Bonus)(2009) Bitter Sweet
0%
No matching quizzes found
Score Distribution
Percent of People with Each Score
Percentile by Number Answered
Your Score History
You have not taken this quiz